000 01807 a2200229 4500
001 39296
005 20260407155651.0
008 260407a1965 arg spa d
003 AR-UNSa-BCEJYS
040 _aAR-UNSa-BCEJYS
_bspa
_cAR-UNSa-BCEJYS
080 _a911.3:33
_xGeografía económica
245 1 0 _aGeografía general
_pregional y económica
250 _a3a. ed
264 1 _aBarcelona :
_bOmega
_c1965
300 _a880 p.
_c22 cm.
505 _aParte I: El mundo que nos rodea: 1. El significado de las relaciones especiales - 2. Nuestro medio ambiente climático - 3. Significado geográfico de los suelos - 4. Principales formas de terreno - Parte II: Regiones climáticas y actividades humanas : 5. Regiones lluviosa de baja lactitud - 6. Islas tropicales y semitropicales del pacífico - 7. La zona húmeda de baja latitud - 8. El desierto y la estepa de baja latitud - 9. Las regiones subtropicales húmedas - 10. Regiones de clima mediterráneo - 11. Regiones declima marítimo - 12. El clima continental húmedo de veranos largos - 13. El clima continetal húmedo de veranos cortos - 14. Regiones de clima continental húmedo modificado - 15. Regiones semiáridas delas latitudes medias - 16. Los bosques septentrionales de coníferas - 17. Las regiones polares - 18. Las tierras altas y el hombre - Parte III. Los minerales y las industrias mineras : 19. Minerales: hierro y acero - 20. Combustibles minerales y energía hidráulica - 21. Otras industrias minerales - Parte IV: Comercio y transporte . 22. Rasgos fundamentales del comercio y de los transportes - 23. Regiones comerciales del mundo y comercio exterior de los EE.UU.
942 _cBK
590 _aniveau_biblio:m niveau_hierar:0
100 1 _aCase, Earl C.
700 1 _aBergsmark, Daniel R.
700 1 _aForda, Luis
999 _c3008
_d3008